[Event "URS-JUG"]
[Site "Tbilisi"]
[Date "1973.??.??"]
[Round "4"]
[White "Mikhalchishin, Adrian"]
[Black "Milovanovic, Rade"]
[Result "1/2-1/2"]
[WhiteElo "2200"]
[BlackElo "2200"]

1.c4 b6 2.d4 Bb7 3.Nc3 Nf6 4.Qc2 d5 5.cxd5 Nxd5 6.Nf3 e6 7.e3 Be7 8.Bb5+ c6
9.Nxd5 Qxd5 10.Bd3 Nd7 11.O-O c5 12.e4 Qd6 13.Be3 cxd4 14.Nxd4 Rc8 15.Qe2 O-O
16.Rfd1 Nc5 17.Bc2 Nxe4 18.Nf5 Qc7 19.Bxe4 exf5 20.Bxf5 Rcd8 21.Bd4 Qc6 22.Bh3 Rfe8
23.Bc3 Rxd1+ 24.Rxd1 Bf6 25.Qf1 Rd8 26.Rxd8+ Bxd8 27.Qd3 Be7 28.Qd7  1/2-1/2

[Event "Majdanpek"]
[Site "Majdanpek"]
[Date "1976.??.??"]
[Round "10"]
[White "Raicevic, Vladimir"]
[Black "Planinec, Albin"]
[Result "1-0"]
[WhiteElo "2465"]
[BlackElo "2485"]

1.c4 b6 2.d4 Nf6 3.Nc3 Bb7 4.Bg5 e6 5.Nf3 Be7 6.e3 c5 7.Bd3 Bxf3 8.Qxf3 Nc6
9.Ne2 cxd4 10.exd4 Bb4+ 11.Kf1 Be7 12.Rd1 Rc8 13.h4 O-O 14.Bb1 d5 15.b3 dxc4
16.bxc4 Ne5 17.Qb3 Nxc4 18.h5 Nd5 19.Bc1 Qc7 20.Rh3 Na5 21.Qf3 Rfd8 22.Bxh7+ Kxh7
23.h6 Bf6 24.hxg7+ Kg8 25.Qh5 Bxg7 26.Qh7+ Kf8 27.Ba3+ Rd6 28.Rg3 Nc4 29.Qxg7+ Ke8
30.Rc1 Ne7 31.Qg5 Rd5 32.Rxc4 Rxg5 33.Rxc7 Rxc7 34.Rxg5 Rc2 35.Bxe7 Kxe7
36.a4 Rc4 37.a5 Ra4 38.Nc3 Ra1+ 39.Ke2 bxa5 40.Rb5 f5 41.Rb7+ Kf6 42.Rxa7 Rc1
43.Rc7 Rc2+ 44.Ke3 Rb2 45.Rc6 Kf7 46.Na4 Rb3+ 47.Rc3 Rb4 48.Nc5  1-0

[Event "Le Havre"]
[Site "Le Havre"]
[Date "1977.??.??"]
[Round "11"]
[White "Ornstein, Axel"]
[Black "Bohm, Hans"]
[Result "1-0"]
[WhiteElo "2440"]
[BlackElo "2445"]

1.c4 b6 2.d4 Bb7 3.d5 e6 4.a3 Bc5 5.Nc3 Qh4 6.e3 exd5 7.Nf3 Qh5 8.cxd5 Nf6
9.Bc4 O-O 10.O-O Re8 11.b4 Bd6 12.Bb2 a5 13.Nb5 Ne4 14.Qd4 f6 15.h3 Na6 16.Nd2 Be5
17.Qxe4 Bh2+ 18.Kxh2 Rxe4 19.Nxe4 Bxd5 20.Ng3 Qf7 21.Be2 c6 22.e4 Be6 23.Nd4 Bc4
24.Bxc4 Qxc4 25.Rfc1 Qf7 26.bxa5 bxa5 27.Rc2 Rb8 28.Re1 Nc5 29.Ba1 Nd3 30.Rd1 Ne5
31.Ndf5 Nc4 32.Rxc4 Qxc4 33.Rxd7 g6 34.Nh6+ Kf8 35.Bxf6 Qe6 36.Bg7+ Ke8 37.Ra7 Qa2
38.Ng4 h5 39.Ne5 Qxf2 40.Nxc6 Qc5 41.Re7+ Qxe7 42.Nxe7 Kxe7 43.Bc3 Rb5 44.Ne2 Kf7
45.Nd4 Rc5 46.Bd2 Re5 47.Nf3 Rc5 48.Kg3 Kf6 49.Kf4 a4 50.e5+ Ke6 51.Ke4 h4
52.Bb4 Rc4+ 53.Nd4+ Kf7 54.Kd5 Rc1 55.e6+ Kf6 56.Kd6 Rd1 57.Bc3 Rd3 58.e7  1-0

[Event "Marshall CC"]
[Site "New York"]
[Date "1977.??.??"]
[Round "?"]
[White "Shamkovich, Leonid"]
[Black "Stean, Michael"]
[Result "1/2-1/2"]
[WhiteElo "2485"]
[BlackElo "2485"]

1.c4 b6 2.Nc3 Bb7 3.d4 e6 4.e4 Bb4 5.f3 Ne7 6.Bd3 Nbc6 7.Ne2 O-O 8.O-O f5
9.Be3 fxe4 10.fxe4 Rxf1+ 11.Qxf1 Ng6 12.e5 Bxc3 13.Nxc3 Nb4 14.Bxg6 hxg6
15.Qb1 Qh4 16.Qxg6 Rf8 17.Rd1 Rf5 18.Qg3 Qxg3 19.hxg3 Ba6 20.b3 Kf8 21.g4 Rf7
22.Ne4 Ke8 23.Rd2 Rf8 24.Ng5 Bb7 25.a3 Nc6 26.b4 Ne7 27.b5 a6 28.a4 Ng6 29.Rf2 Rxf2
30.Kxf2 axb5 31.axb5 Ke7 32.Bd2 c6 33.Bb4+ Ke8 34.Ne4 Kd8 35.Nd6 Ba8 36.g3 cxb5
37.Nxb5 Be4 38.Ke3 Bg2 39.Bd6 Bf1 40.Bc7+ Ke7 41.Nd6 Nh8 42.Nc8+ Ke8 43.Nxb6 Nf7
44.d5 Bg2 45.Kd4 Bf3 46.Na4 Bxg4 47.Nc3 Bf3 48.Ne4 Be2 49.Ba5 Ke7 50.Bb4+ Ke8
51.Nc3 Bg4 52.Nb5 Bh3 53.Nc7+ Kd8 54.Ba5 Ke7 55.Bb4+ Kd8 56.Ba5 Ke7 57.Ke4 Bf5+
58.Kd4 Bh3  1/2-1/2

[Event "Vrbas"]
[Site "Vrbas"]
[Date "1977.??.??"]
[Round "9"]
[White "Uhlmann, Wolfgang"]
[Black "Sahovic, Dragutin"]
[Result "1-0"]
[WhiteElo "2555"]
[BlackElo "2460"]

1.c4 b6 2.Nc3 Bb7 3.e4 c5 4.Nf3 Nc6 5.d4 cxd4 6.Nxd4 e6 7.Be2 Nxd4 8.Qxd4 Qh4
9.Be3 Bc5 10.Qd3 Nf6 11.Bxc5 bxc5 12.Bf3 O-O 13.O-O Bc6 14.Qe3 d6 15.Rad1 Rad8
16.g3 Qh6 17.Qxh6 gxh6 18.Bg2 e5 19.f4 Ng4 20.Rd3 Rd7 21.h3 Nf6 22.fxe5 dxe5
23.Rxf6 Rxd3 24.Rxc6 Rb8 25.Na4 Rxg3 26.Rxc5 Kh8 27.Rd5 Rbg8 28.Rd2 Rxh3
29.Nc3 h5 30.Nd5 Rhg3 31.c5 Rc8 32.Ne7 Re8 33.Nf5 Rg6 34.Rc2 Rc6 35.b4 a6
36.Nd6 Re6 37.Nxf7+ Kg7 38.Nd8  1-0

[Event "JUG-ch"]
[Site "Zagreb"]
[Date "1977.??.??"]
[Round "2"]
[White "Raicevic, Vladimir"]
[Black "Planinec, Albin"]
[Result "1/2-1/2"]
[WhiteElo "2470"]
[BlackElo "2475"]

1.c4 b6 2.Nc3 Bb7 3.e4 c5 4.Nf3 Nf6 5.e5 Ng8 6.d4 Bxf3 7.Qxf3 Nc6 8.dxc5 bxc5
9.Bf4 Nd4 10.Qe4 f5 11.Qd3 e6 12.O-O-O Ne7 13.h4 Nec6 14.g3 Rb8 15.Bg2 Nb4
16.Qb1 Qa5 17.Rd2 Be7 18.Rhd1 O-O 19.Be3 d6 20.Bxd4 cxd4 21.Rxd4 dxe5 22.Rd7 Bc5
23.a3 Na6 24.Qa2 Bxf2 25.b4 Be3+ 26.Kb1 Bd4 27.Nb5 Nxb4 28.axb4 Qxb4+ 29.Kc2 Rfc8
30.Rb1 Rxc4+ 31.Kd1 Qa4+ 32.Qxa4 Rxa4 33.Rc1 Bb6 34.Bf1 Rg4 35.Rc3 a6 36.Nd6 Ba5
37.Rc6 Rd4+ 38.Kc1 Bb4 39.Bc4 Bxd6 40.Bxe6+ Kf8 41.Rdxd6 Rxd6 42.Rxd6 Ke7
43.Rxa6 g6 44.Ba2 Rc8+ 45.Kd2 Rd8+ 46.Ke2 Rd6 47.Ra8 h5 48.Rg8 f4 49.Rg7+ Kf8
50.Rg8+ Ke7 51.gxf4 exf4 52.Bb1 Kf7 53.Rb8 Kf6 54.Rf8+ Ke5 55.Kf3 Rb6 56.Bc2 Rc6
57.Bd3 Rd6 58.Be4 Rd1 59.Bxg6 Ke6 60.Rf5 Rg1 61.Rg5 Rg3+ 62.Kxf4 Rg4+ 63.Kf3 Kf6  1/2-1/2

[Event "JUG-ch"]
[Site "Zagreb"]
[Date "1977.??.??"]
[Round "9"]
[White "Bukal, Vladimir Sr"]
[Black "Planinec, Albin"]
[Result "1/2-1/2"]
[WhiteElo "2405"]
[BlackElo "2475"]

1.c4 b6 2.Nc3 Bb7 3.e4 c5 4.Nf3 Nf6 5.d3 g6 6.g3 Bg7 7.Bg2 O-O 8.O-O Nc6
9.Nh4 d6 10.f4 Nd7 11.Be3 Nd4 12.Qd2 f5 13.Rae1 Kh8 14.Kh1 Rf7 15.exf5 Bxg2+
16.Qxg2 gxf5 17.Bxd4 cxd4 18.Nb5 Nc5 19.Nc7 Rc8 20.Ne6 Nxe6 21.Rxe6 Qd7  1/2-1/2

[Event "Buenos Aires ol (Men)"]
[Site "Buenos Aires"]
[Date "1978.??.??"]
[Round "?"]
[White "Silva Sanchez, Carlos"]
[Black "Bordonada, Glenn"]
[Result "1/2-1/2"]
[WhiteElo "2395"]
[BlackElo "2360"]

1.c4 b6 2.Nc3 e6 3.Nf3 Bb7 4.b3 Nf6 5.Bb2 Be7 6.e3 c5 7.Be2 O-O 8.O-O d5
9.d3 Nc6 10.cxd5 Nxd5 11.Rc1 Nxc3 12.Bxc3 Bf6 13.Qd2 Bxc3 14.Rxc3 Qd5  1/2-1/2

[Event "ARG-ch"]
[Site "Buenos Aires"]
[Date "1978.??.??"]
[Round "?"]
[White "Bielicki, Carlos"]
[Black "Giardelli, Sergio C"]
[Result "1-0"]
[WhiteElo "2245"]
[BlackElo "2315"]

1.c4 b6 2.Nc3 e6 3.Nf3 Bb7 4.e4 c5 5.Bd3 d6 6.O-O Nf6 7.Bc2 Be7 8.d4 cxd4
9.Nxd4 O-O 10.b3 a6 11.Bb2 Nbd7 12.Qd2 Qc7 13.Rae1 Rfd8 14.Bb1 Rab8 15.Kh1 Ba8
16.f4 Qc5 17.f5 Nf8 18.Rc1 Qc7 19.Qd3 Re8 20.Qh3 Bd8 21.Qg3 Kh8 22.Rfe1 Qe7
23.fxe6 fxe6 24.Ba3 Bc7 25.e5 Nh5 26.Qg4 g6 27.Ne4 Qg7 28.Nxd6 Bxd6 29.Bxd6 Rbd8
30.Rcd1 Qf7 31.Be4 Bxe4 32.Qxe4 Nd7 33.Rf1 Qg7 34.Qe3 g5 35.Rd2 Qg6 36.Rdf2 Kg8
37.Nc6 Ra8 38.Ne7+ Rxe7 39.Bxe7 Nf4 40.Rd2 Nc5 41.Bxc5  1-0

[Event "Wch U20"]
[Site "Graz"]
[Date "1978.??.??"]
[Round "10"]
[White "Tomaszewski, Roman"]
[Black "Phuah, Eng Chye"]
[Result "1-0"]
[WhiteElo "2200"]
[BlackElo "2200"]

1.c4 b6 2.Nc3 Bb7 3.e4 e6 4.g3 h5 5.h4 Nf6 6.Bg2 d5 7.exd5 exd5 8.Nge2 c6
9.cxd5 cxd5 10.O-O Be7 11.Nf4 Na6 12.d4 Nc7 13.Re1 Kf8 14.Qd3 Bc8 15.Bd2 Be6
16.Nb5 Nxb5 17.Nxe6+ fxe6 18.Qxb5 Kf7 19.Qe2 Qd7 20.Bh3 Kf8 21.Bxe6 Qd8 22.Qd3 Ne4
23.Qf3+ Bf6 24.Bb4+  1-0

[Event "Lone Pine op"]
[Site "Lone Pine"]
[Date "1978.??.??"]
[Round "9"]
[White "Zaltsman, Vitaly F"]
[Black "Stean, Michael"]
[Result "1-0"]
[WhiteElo "2440"]
[BlackElo "2510"]

1.c4 b6 2.Nf3 Bb7 3.g3 Nf6 4.Bg2 e6 5.O-O Be7 6.d4 O-O 7.Nc3 Ne4 8.Qc2 Nxc3
9.Qxc3 f5 10.b3 Bf6 11.Bb2 Qe7 12.Qd2 d6 13.Ne1 Bxg2 14.Nxg2 Nc6 15.Nf4 Rae8
16.Rfe1 Nd8 17.e4 fxe4 18.Rxe4 Bg5 19.Rae1 Qd7 20.Qe2 Bxf4 21.gxf4 Rf5 22.d5 Kf7
23.Qg4 g6 24.Qh3 h5 25.Qc3 e5 26.fxe5 Rfxe5 27.f4  1-0

[Event "SWE-ch"]
[Site "SWE"]
[Date "1978.??.??"]
[Round "?"]
[White "Cramling, Dan"]
[Black "Schussler, Harry"]
[Result "1/2-1/2"]
[WhiteElo "2355"]
[BlackElo "2365"]

1.c4 b6 2.d4 e6 3.Nf3 Bb7 4.e3 Nf6 5.Bd3 c5 6.O-O Be7 7.Nc3 a6 8.b3 cxd4
9.exd4 d5 10.Bb2 Ne4 11.Qe2 Nxc3 12.Bxc3 O-O 13.Ne5 Nc6 14.Qh5 g6 15.Nxg6 hxg6
16.Bxg6 fxg6 17.Qxg6+ Kh8 18.Qh6+ Kg8 19.Qg6+  1/2-1/2

[Event "Stary Smokovec"]
[Site "Stary Smokovec"]
[Date "1979.??.??"]
[Round "?"]
[White "Adamski, Jan"]
[Black "Gonsior, Evzen"]
[Result "1/2-1/2"]
[WhiteElo "2415"]
[BlackElo "2390"]

1.c4 b6 2.d4 e6 3.a3 d5 4.Nc3 Nf6 5.Nf3 Be7 6.Bg5 O-O 7.Bxf6 Bxf6 8.cxd5 exd5
9.g3 c5 10.Bg2 Nc6 11.dxc5 Bxc3+  1/2-1/2

[Event "Politiken Cup"]
[Site "Copenhagen"]
[Date "1980.??.??"]
[Round "8"]
[White "Mortensen, Erling"]
[Black "Brondum, Eric"]
[Result "1-0"]
[WhiteElo "2400"]
[BlackElo "2315"]

1.c4 b6 2.d4 e6 3.e4 Bb7 4.Bd3 Qh4 5.Nd2 Bb4 6.Nf3 Qg4 7.O-O Bxd2 8.Nxd2 Qxd1
9.Rxd1 d6 10.b3 Nd7 11.Bb2 Ne7 12.Bc3 Ng6 13.d5 e5 14.b4 O-O 15.Nb3 f5 16.exf5 Nh4
17.g4 g6 18.fxg6 hxg6 19.Nd2 b5 20.Be2 bxc4 21.Nxc4 Nf6 22.Na5 Ne4 23.Be1 Bc8
24.f4 g5 25.f5 Rf7 26.Rac1 Rh7 27.Rc2 Nf6 28.Bd2 Rg7 29.Be3 Kh7 30.Rc3 Ne8
31.Nc6 Bb7 32.b5 Bxc6 33.Rxc6 Nf6 34.Ra6 e4 35.Rxa7 Re8 36.Bd4 Rf8 37.Rc1  1-0

[Event "Hillerod op"]
[Site "Hillerod"]
[Date "1980.??.??"]
[Round "?"]
[White "Nerlov, Claus"]
[Black "Nicolaisen, Erik"]
[Result "1-0"]
[WhiteElo "2200"]
[BlackElo "2200"]

1.c4 b6 2.Nf3 Bb7 3.g3 Nf6 4.Bg2 e6 5.Nc3 Be7 6.O-O O-O 7.d4 d6 8.Qc2 Nbd7
9.e4 c5 10.d5 e5 11.Ne1 Rb8 12.a4 Bc8 13.f4 Re8 14.b3 Bf8 15.Bb2 a6 16.Nd3 exf4
17.gxf4 Ng4 18.Rae1 f6 19.Bh3 Nh6 20.Be6+ Kh8 21.Bc1 Rb7 22.Qg2 Nb8 23.f5 Nf7
24.Rf4 Qe7 25.Rh4 Ne5 26.Rxh7+  1-0

[Event "Lone Pine"]
[Site "Lone Pine"]
[Date "1980.??.??"]
[Round "7"]
[White "Michaelides, Evan"]
[Black "Root, Douglas"]
[Result "0-1"]
[WhiteElo "2280"]
[BlackElo "2360"]

1.c4 b6 2.d4 e6 3.Nf3 Bb7 4.Bf4 Nf6 5.e3 Nh5 6.Bg5 Be7 7.Bxe7 Qxe7 8.Nc3 d6
9.Be2 O-O 10.O-O Nf6 11.Qc2 c5 12.Rfd1 Nbd7 13.a4 d5 14.cxd5 Nxd5 15.Nxd5 Bxd5
16.a5 Rac8 17.Qa4 cxd4 18.Nxd4 Nc5 19.Qb4 Qh4 20.axb6 axb6 21.f3 Nb3 22.Rab1 Qh6
23.f4 Nxd4 24.Qxd4 Qg6 25.g3 Rc2 26.Bf1 Rfc8 27.Rd2 Rxd2  0-1

[Event "URS-ch U26"]
[Site "Riga"]
[Date "1980.??.??"]
[Round "?"]
[White "Chekhov, Valery A"]
[Black "Kengis, Edvins"]
[Result "1-0"]
[WhiteElo "2410"]
[BlackElo "2390"]

1.c4 b6 2.d4 Bb7 3.d5 e6 4.a3 Nf6 5.Nc3 Bd6 6.Nf3 O-O 7.g3 Na6 8.Bg2 Nc5
9.O-O a5 10.Rb1 a4 11.Be3 exd5 12.cxd5 Nce4 13.Nxe4 Nxe4 14.Nd4 Re8 15.Nb5 Ra5
16.Nxd6 cxd6 17.Qd4 Bxd5 18.Qb4 Ra6 19.Rbd1 Bc6 20.Rd4 d5 21.Rfd1 Qf6 22.Qe1 Ra5
23.Rb4 Rb5 24.Bxb6 Rxb4 25.Qxb4 Rb8 26.Qd4 Qf5 27.Bc7 Re8 28.Bf4 h5 29.h4 f6
30.f3 Nxg3 31.Bxg3 Rxe2 32.Re1 Rc2 33.Re8+ Kf7 34.Rb8 Re2 35.Qd1 Re6 36.Kh2 Re3
37.Rb4 d4 38.Rxd4 Bxf3 39.Bxf3 Rxf3 40.Rxd7+ Kg6 41.Rd2 Kh7 42.Qc2  1-0

[Event "SWE-ch"]
[Site "?"]
[Date "1980.??.??"]
[Round "?"]
[White "Bergstrom, Christer"]
[Black "Ornstein, Axel"]
[Result "1/2-1/2"]
[WhiteElo "2285"]
[BlackElo "2450"]

1.c4 b6 2.Nc3 Bb7 3.Nf3 Nf6 4.g3 c5 5.Bg2 e6 6.d4 cxd4 7.Qxd4 Be7 8.O-O d6
9.Rd1 O-O 10.b3 Nbd7 11.Bb2 a6 12.Qe3 Qc7 13.Nd4 Rfc8 14.Bxb7 Qxb7 15.Nf5 Bf8
16.Nxd6 Bxd6 17.Rxd6 b5 18.cxb5 axb5 19.Rad1 b4 20.Na4 Nd5 21.Qd4 N7f6 22.e4 Qc7
23.Rxd5 exd5 24.Nb6 dxe4 25.Nxc8 Qxc8 26.Qxb4 e3 27.fxe3 Rxa2 28.Qe7 Ra8
29.b4 Ne8 30.Rf1 f6 31.e4 Rb8 32.Bd4 Rb7 33.Qc5 Qe6 34.Re1 Nc7 35.e5 f5 36.Bc3 f4
37.Rd1 h6 38.Rd8+ Kh7 39.Qd4 Qf5 40.Qd3 Qxd3 41.Rxd3 Ne6 42.Rd6 Ng5 43.Rc6 fxg3
44.hxg3 Ne4 45.Be1 Rb5 46.e6 Re5 47.Kg2 Kg6 48.b5 Nf6 49.Bc3  1/2-1/2

[Event "DDR-HUN"]
[Site "Zinnowitz"]
[Date "1980.??.??"]
[Round "?"]
[White "Paehtz, Thomas Sr"]
[Black "Kallai, Gabor"]
[Result "1-0"]
[WhiteElo "2380"]
[BlackElo "2290"]

1.c4 b6 2.Nc3 e6 3.d4 Bb7 4.a3 Nf6 5.d5 Bd6 6.Nf3 exd5 7.cxd5 c6 8.Bg5 cxd5
9.e3 O-O 10.Rb1 Re8 11.Nxd5 Bxd5 12.Bxf6 Qxf6 13.Qxd5 Nc6 14.Be2 Qe6 15.Rd1 Be7
16.Qxd7 Qxd7 17.Rxd7 Bf6 18.Rd2 Red8 19.Rc2 Na5 20.b4 Nb3 21.Ba6 Rd7 22.Ke2 Rad8
23.Rb1 Na1 24.Rcc1  1-0

[Event "Bergsjo"]
[Site "Bergsjo"]
[Date "1981.??.??"]
[Round "?"]
[White "Akesson, Ralf"]
[Black "Plaskett, Jim"]
[Result "0-1"]
[WhiteElo "2305"]
[BlackElo "2405"]

1.c4 b6 2.d4 Bb7 3.d5 e6 4.a3 g6 5.Nf3 Bg7 6.e4 Ne7 7.Be2 O-O 8.Nc3 f5 9.exf5 Nxf5
10.O-O Qe7 11.Bg5 Qf7 12.Qc2 Na6 13.b4 c5 14.dxc6 Bxc6 15.Rad1 Rac8 16.Ne4 Nc7
17.Nd6 Nxd6 18.Rxd6 Bxf3 19.Bxf3 Nb5 20.Rd3 Nd4 21.Qa4 Qf5 22.Rxd4 Bxd4 23.Be7 Rf7
24.Qxd7 Rxc4 25.Rd1 Kg7 26.h3 Qe5 27.Qd6 Bxf2+ 28.Kxf2 Rc2+ 29.Kg1 Qe3+ 30.Kh1 Rxf3  0-1

[Event "Gausdal Int"]
[Site "Gausdal"]
[Date "1981.??.??"]
[Round "4"]
[White "Welin, Thomas"]
[Black "Forintos, Gyozo V"]
[Result "0-1"]
[WhiteElo "2290"]
[BlackElo "2465"]

1.c4 b6 2.Nc3 Bb7 3.e4 e6 4.Nf3 Bb4 5.Qb3 Na6 6.Be2 Ne7 7.d3 O-O 8.a3 Nc5
9.Qc2 Bxc3+ 10.Qxc3 d5 11.exd5 exd5 12.b4 Ne6 13.O-O d4 14.Qc2 Ng6 15.Nd2 Bxg2
16.Kxg2 Nef4+ 17.Kh1 Nxe2 18.Ne4 Nxc1 19.Qxc1 f5 20.Ng3 Qd6 21.Qd2 Rae8 22.Rae1 Nh4
23.f3 Re3 24.Rxe3 dxe3 25.Qxe3 f4 26.Qe4 fxg3 27.Qxh4 Qxd3 28.Qh3 gxh2 29.Qe6+ Kh8
30.Rf2 h6 31.Qc6 Qe3  0-1

[Event "Gausdal Int"]
[Site "Gausdal"]
[Date "1981.??.??"]
[Round "7"]
[White "Cramling, Dan"]
[Black "Forintos, Gyozo V"]
[Result "1/2-1/2"]
[WhiteElo "2380"]
[BlackElo "2465"]

1.c4 b6 2.d4 Bb7 3.Nc3 f5 4.d5 Nf6 5.Nf3 Na6 6.g3 g6 7.Bg2 Bg7 8.O-O O-O
9.e4 Nxe4 10.Nxe4 fxe4 11.Ng5 e3 12.f4 e5 13.dxe6 Bxg2 14.Kxg2 dxe6 15.Nxe6 e2
16.Qxe2 Re8 17.Qg4  1/2-1/2

[Event "Lone Pine op"]
[Site "Lone Pine"]
[Date "1981.??.??"]
[Round "?"]
[White "Pfleger, Helmut"]
[Black "Root, Douglas"]
[Result "1-0"]
[WhiteElo "2505"]
[BlackElo "2400"]

1.c4 b6 2.d4 e6 3.Nf3 Bb7 4.Nc3 Bb4 5.e3 Nf6 6.Bd3 O-O 7.O-O Bxc3 8.bxc3 d6
9.Qc2 Nbd7 10.e4 e5 11.Bg5 Re8 12.Nd2 Nf8 13.f3 Ne6 14.Be3 Nd7 15.f4 Qe7
16.f5 Nd8 17.d5 f6 18.g4 c6 19.Nf3 Nf7 20.Be2 Rec8 21.Rf2 cxd5 22.cxd5 Rc7
23.Rg2 Rac8 24.Bd2 Qe8 25.h4 Nc5 26.a4 Ba6 27.Bxa6 Nxa6 28.g5 fxg5 29.hxg5 Rc4
30.g6 hxg6 31.Rxg6 Nc5 32.f6 Nxe4 33.Rxg7+ Kf8 34.Kg2 Qd8 35.Ng5 Nfxg5 36.Bxg5 Nxg5
37.Rg8+ Kxg8 38.Qg6+ Kf8 39.Qg7+ Ke8 40.Qg8+ Kd7 41.Qg7+ Ke8 42.Qxg5 R8c7
43.Qg8+  1-0

[Event "Moscow-ch"]
[Site "Moscow"]
[Date "1981.??.??"]
[Round "3"]
[White "Makarichev, Sergey"]
[Black "Gulko, Boris F"]
[Result "1/2-1/2"]
[WhiteElo "2535"]
[BlackElo "2590"]

1.c4 b6 2.Nf3 e6 3.g3 Bb7 4.Bg2 Nf6 5.O-O Be7 6.d4 O-O 7.Nc3 Ne4 8.Bd2 Bf6
9.Qc2 Nxd2 10.Qxd2 d6 11.d5 Bxc3 12.Qxc3 exd5 13.Nh4 d4 14.Qxd4 Bxg2 15.Kxg2 Nc6
16.Qc3 Qd7 17.e4 Qe6 18.Rae1 Qe5 19.Qd2 g6 20.Qd5 Nb4 21.Qd2 Nc6 22.Qd5 Nb4
23.Qd2 Nc6 24.Qd5  1/2-1/2

[Event "Caorle op"]
[Site "Caorle"]
[Date "1982.??.??"]
[Round "1"]
[White "Bruno, Fabio"]
[Black "Barle, Janez"]
[Result "1/2-1/2"]
[WhiteElo "2280"]
[BlackElo "2405"]

1.c4 b6 2.d4 e6 3.a3 c5 4.Nf3 cxd4 5.Qxd4 Bb7 6.Nc3 Nf6 7.g3 Nc6 8.Qf4 d5
9.cxd5 exd5 10.Bg2 Bd6 11.Qa4 O-O 12.O-O Ne7 13.Rd1 h6 14.Bf4 a6 15.Bxd6 Qxd6
16.Nd4 Rac8 17.e3 Rfd8 18.Nde2 b5 19.Qf4 Qb6 20.Qd4 Qxd4 21.Rxd4 Nc6 22.Rdd1 Na5
23.b4 Nc4 24.Rd4 Nb6 25.a4 Nxa4 26.Nxa4 bxa4 27.Rxa4 Rc2 28.Bf3 Bc6 29.Ra1 Nd7
30.Nf4 Ne5 31.Bg2 Rc4 32.Nxd5 Rxd4 33.exd4 Bxd5 34.dxe5 Bxg2 35.Kxg2 Rd4
36.Rxa6 Rxb4 37.h3 g6 38.Ra7 Re4 39.Ra5 h5 40.Kf3 Rb4 41.Ra3 Kf8 42.Ra6 Ke7
43.Rf6 Ra4 44.g4 hxg4+ 45.hxg4 Rb4 46.g5 Rb3+ 47.Kg4 Rb4+ 48.f4 Re4 49.Kf3 Re1
50.Rb6 Rf1+ 51.Ke3 Re1+ 52.Kf2 Ra1 53.Rf6 Ra2+ 54.Kf3 Ra3+ 55.Kg4 Re3  1/2-1/2

[Event "Gausdal Young Men"]
[Site "Gausdal"]
[Date "1982.??.??"]
[Round "2"]
[White "Cramling, Dan"]
[Black "Gausel, Einar"]
[Result "1-0"]
[WhiteElo "2375"]
[BlackElo "2200"]

1.c4 b6 2.d4 e6 3.e4 Bb7 4.Bd3 f5 5.exf5 Bxg2 6.Qh5+ g6 7.fxg6 Bg7 8.gxh7+ Kf8
9.Bg5 Nf6 10.Qh4 Bxh1 11.Ne2 Nc6 12.Nd2 e5 13.O-O-O e4 14.Bxe4 Bxe4 15.Nxe4 Rxh7
16.Qf4 Kf7 17.Rg1 Qh8 18.Bxf6 Bxf6 19.Ng5+ Ke7 20.Qe4+ Kd6 21.Nxh7 Bxd4 22.Rg6+ Kc5
23.Qd5+  1-0

[Event "Gausdal Jubilee"]
[Site "Gausdal"]
[Date "1982.??.??"]
[Round "5"]
[White "Karlsson, Lars"]
[Black "Plaskett, Jim"]
[Result "1/2-1/2"]
[WhiteElo "2500"]
[BlackElo "2405"]

1.c4 b6 2.Nf3 Nf6 3.g3 Bb7 4.Bg2 g6 5.O-O Bg7 6.Nc3 O-O 7.Re1 d5 8.cxd5 Nxd5
9.e4 Nxc3 10.bxc3 c5 11.d4 cxd4 12.cxd4 Nc6 13.Be3 e6 14.Qa4 Qd6 15.a3 Rfd8
16.Bg5 Rdc8 17.Rad1 Na5 18.d5 Rc4 19.Qb5 Rc5 20.Qe2 exd5 21.e5 Qd7 22.Bf6 Re8
23.Bxg7 Kxg7 24.Nd4 Qe7 25.f4 Nc6 26.Nb3 Rc3 27.Qb2 d4 28.e6 Qf6 29.Bxc6 Rxc6
30.Nxd4 Rc5 31.Re5 Bd5 32.exf7 Kxf7 33.Rde1 Rxe5 34.fxe5 Qe7 35.e6+ Kg8 36.Qf2 Rc8
37.Qf4 Rf8 38.Qe5 Ba8 39.Rf1 Rxf1+ 40.Kxf1 Qc5 41.Qe3 Bc6  1/2-1/2

[Event "Bundesliga 8182"]
[Site "Germany"]
[Date "1982.??.??"]
[Round "?"]
[White "Heinicke, Herbert"]
[Black "Strobel, Walter"]
[Result "1-0"]
[WhiteElo "2365"]
[BlackElo "2335"]

1.c4 b6 2.Nc3 Bb7 3.Nf3 e6 4.g3 Nf6 5.Bg2 Be7 6.O-O O-O 7.Qc2 c5 8.b3 Nc6
9.Bb2 d5 10.cxd5 exd5 11.d4 c4 12.Rad1 cxb3 13.axb3 Re8 14.Ne5 Na5 15.Na2 Ba6
16.Bc3 Rc8 17.Qb2 Ne4 18.Bxa5 bxa5 19.Rc1 Qb6 20.Bh3 Rxc1 21.Rxc1 Bf6 22.e3 a4
23.Bd7 Qxb3 24.Qxb3 axb3 25.Nb4 b2 26.Rb1 Rxe5 27.dxe5 Bxe5 28.Nxa6 Nd2 29.Bf5 g6
30.Bd3 Nxb1 31.Bxb1 Bd6 32.Kf1 Kf8 33.Ke2 Ke7 34.Kd3 Be5 35.Kc2 f5 36.Nb4 Kd6
37.Nd3 Bg7 38.Nxb2 d4 39.Kd3 dxe3 40.Nc4+ Kc5 41.Nxe3 a5 42.Ba2 a4 43.Nc2 Bb2
44.Bg8 h6 45.h4 a3 46.Ba2 Bf6 47.Nxa3 f4 48.Nc4 Bd4 49.Nd2 fxg3 50.fxg3 Be5
51.g4 h5 52.g5 Bf4 53.Nf3  1-0

[Event "Lloyds Bank op"]
[Site "London"]
[Date "1982.??.??"]
[Round "2"]
[White "Pagden, Mark A"]
[Black "Plaskett, Jim"]
[Result "0-1"]
[WhiteElo "2300"]
[BlackElo "2430"]

1.c4 b6 2.d4 Bb7 3.Nc3 e6 4.a3 f5 5.d5 Nf6 6.g3 Bc5 7.Bg2 O-O 8.Nh3 a5 9.O-O Na6
10.e4 Ng4 11.Nf4 Qf6 12.exf5 exf5 13.Nd3 Rae8 14.Bf4 d6 15.Nb5 Re7 16.Nxc5 Nxc5
17.b4 axb4 18.axb4 Na6 19.Rb1 g5 20.Bc1 Ne5 21.f4 gxf4 22.gxf4 Ng4 23.Nd4 Rg7
24.Ne6 Qxe6 25.dxe6 Ne3 26.Bxe3 Rxg2+ 27.Kh1 Rg3+ 28.Qd5 Bxd5+ 29.cxd5 Rxe3  0-1

[Event "Luzern ol (Men)"]
[Site "Luzern"]
[Date "1982.??.??"]
[Round "7"]
[White "Vucenovic, Dragomir"]
[Black "Guerra, Jose Luis"]
[Result "0-1"]
[WhiteElo "2315"]
[BlackElo "2245"]

1.c4 b6 2.Nf3 Bb7 3.e3 Nf6 4.Nc3 e6 5.Be2 Be7 6.O-O O-O 7.b3 d5 8.cxd5 Nxd5
9.Bb2 Nxc3 10.Bxc3 c5 11.Qc2 Nd7 12.Qb2 Bf6 13.d4 Rc8 14.Rfd1 cxd4 15.Bxd4 Bxd4
16.Rxd4 Qe7 17.Rad1 Nf6 18.Ne5 Be4 19.Bd3 Bd5 20.Bc4 Rfd8 21.Bxd5 Rxd5 22.Nf3 Rdc5
23.h3 h6 24.Qa3 Qc7 25.Ra4 a5 26.e4 e5 27.Qb2 b5 28.Rxa5 Qxa5 29.b4 Qa4  0-1

[Event "Marbella zt-B"]
[Site "Marbella"]
[Date "1982.??.??"]
[Round "4"]
[White "Blow, R."]
[Black "Stean, Michael"]
[Result "0-1"]
[WhiteElo "2205"]
[BlackElo "2505"]

1.c4 b6 2.Nc3 Bb7 3.e4 e6 4.Nf3 Bb4 5.d3 Ne7 6.Be2 O-O 7.O-O f5 8.e5 Nbc6
9.Qb3 Ng6 10.d4 a5 11.Nb5 Be7 12.Rd1 a4 13.Qc3 Na7 14.Na3 Be4 15.Nc2 Nc6
16.Nfe1 d6 17.d5 exd5 18.cxd5 Ncxe5 19.f3 Bxc2 20.Nxc2 Bf6 21.Nd4 Nd7 22.Qc2 Bxd4+
23.Rxd4 Nc5 24.Bd2 f4 25.Bb5 Qg5 26.Rf1 Nh4 27.g3 Ng6 28.Qc4 Qf6 29.Bc3 fxg3
30.hxg3 Ne5  0-1

[Event "Moscow-ch"]
[Site "Moscow"]
[Date "1982.??.??"]
[Round "1"]
[White "Makarichev, Sergey"]
[Black "Bronstein, David I"]
[Result "1/2-1/2"]
[WhiteElo "2505"]
[BlackElo "2495"]

1.c4 b6 2.d4 e6 3.a3 d5 4.Nc3 Be7 5.cxd5 exd5 6.g3 Nf6 7.Bg2 O-O 8.Bg5 Bb7
9.Bxf6 Bxf6 10.Nh3 c6 11.Nf4 Na6 12.O-O Nc7 13.e3 Ne6 14.Nd3 Qd6 15.Rc1 Rfd8
16.b4 a5 17.Qb3 axb4 18.axb4 b5 19.Ra1 Qf8 20.Ne2 Rxa1 21.Rxa1 Ra8 22.Ra3 Be7
23.Qa2 g6 24.Rxa8 Qxa8 25.Qxa8+ Bxa8 26.Nc5 Nxc5 27.dxc5 f5 28.Nd4 Bf6 29.f4 Bxd4
30.exd4  1/2-1/2

[Event "DEN-chJ int"]
[Site "Soro"]
[Date "1982.??.??"]
[Round "2"]
[White "Iten, Rene"]
[Black "Zbinden, Roland"]
[Result "1-0"]
[WhiteElo "2200"]
[BlackElo "2200"]

1.c4 b6 2.Nc3 Bb7 3.d4 e6 4.a3 Nf6 5.d5 Be7 6.e4 O-O 7.Nf3 exd5 8.cxd5 Re8
9.Bd3 c6 10.O-O h6 11.Bc2 cxd5 12.e5 Nh7 13.Qd3 g6 14.Bxh6 Bg5 15.Bxg5 Nxg5
16.Nxg5 Qxg5 17.f4 Qe7 18.b4 Ba6 19.Qf3 Bxf1 20.Nxd5 Qe6 21.Nf6+ Kf8 22.Nxe8 Nc6
23.Nc7 Qc4 24.Rxf1 Rc8 25.Bb3 Qd4+ 26.Kh1 Rxc7 27.Rd1 Qb2 28.Qd5  1-0

[Event "Bayern-ch"]
[Site "Tirschenreuth"]
[Date "1982.??.??"]
[Round "?"]
[White "Leitner, Maximilian"]
[Black "Bischoff, Klaus"]
[Result "1/2-1/2"]
[WhiteElo "2250"]
[BlackElo "2385"]

1.c4 b6 2.Nc3 c5 3.g3 Bb7 4.e4 g6 5.Bg2 Bg7 6.Nge2 Nc6 7.O-O d6 8.d3 Nf6
9.h3 O-O 10.Be3 Qc7 11.Qd2 Rad8  1/2-1/2

[Event "URS-ch U26"]
[Site "Jurmala"]
[Date "1983.??.??"]
[Round "?"]
[White "Chernin, Alexander"]
[Black "Kengis, Edvins"]
[Result "1/2-1/2"]
[WhiteElo "2455"]
[BlackElo "2445"]

1.c4 b6 2.d4 Bb7 3.Nf3 e6 4.g3 g6 5.Bg2 Bg7 6.Nc3 d6 7.O-O Ne7 8.e4 O-O 9.Bg5 h6
10.Be3 Nd7 11.Qd2 Kh7 12.d5 e5 13.Nh4 Nf6 14.Bh3 Bc8 15.Bxc8 Rxc8 16.f3 Nh5
17.Qd3 Qd7 18.Rae1 Kg8 19.Ng2 f5 20.f4 exf4 21.Bxf4 Rce8 22.Bd2 fxe4 23.Rxf8+ Rxf8
24.Rxe4 Nf6 25.Rf4 g5 26.Rf2 Ng4 27.Rxf8+ Bxf8 28.Ne3 Ne5 29.Qe4 g4 30.Kg2 h5
31.Ne2 Bh6  1/2-1/2